| 000 | 00398nam a22001457a 4500 | ||
|---|---|---|---|
| 003 | SGT | ||
| 082 |
_a616.01 _bP20P |
||
| 100 | _aPRIYANKA | ||
| 245 | _aPHENOTYPIC AND GENOTYPIC DETECTION OF CARBAPENEM RESISTANT CLINICAL ISOLATES OF ENTEROBACTERIACEAE | ||
| 260 |
_aSGTU _bSGTU _c2020 |
||
| 300 | _a148 | ||
| 650 | _aMEDICAL MICROBIOLOGY | ||
| 653 | _aPH.D MEDICAL MICROBIOLOGY | ||
| 942 |
_2ddc _cTH |
||
| 999 |
_c23983 _d23983 |
||